Idea del teatro /

Bibliographic Details
Main Author: Ortega y Gasset, José, 1883-1955
Format: Book
Language:Spanish
Published: Madrid : Ediciones de la Revista de Occidente, 1977.
Edition:3. ed.
Series:Colección El arquero ; 16.
Subjects:

MARC

Tag First Indicator Second Indicator Subfields
LEADER 00000cam a2200000 i 4500
001 in00002120252
005 20151103062241.0
008 790619s1977 sp b 000 0 spa
010 |a  79339099  
015 |a Sp*** 
019 |a 3919029 
020 |a 8429210164 
035 |a (OCoLC)ocm05312101 
040 |a DLC  |c DLC  |d TXA  |d UtOrBLW 
049 |a TXAM 
050 0 0 |a PN2038  |b .O7 1977 
100 1 |a Ortega y Gasset, José,  |d 1883-1955. 
245 1 0 |a Idea del teatro /  |c José Ortega y Gasset. 
250 |a 3. ed. 
264 1 |a Madrid :  |b Ediciones de la Revista de Occidente,  |c 1977. 
300 |a 119 pages ;  |c 18 cm. 
336 |a text  |b txt  |2 rdacontent 
337 |a unmediated  |b n  |2 rdamedia 
338 |a volume  |b nc  |2 rdacarrier 
490 1 |a Colección El Arquero ;  |v 16 
504 |a Includes bibliographical references. 
505 0 |a Idea del teatro.--Anejos: Máscaras. Teatro, género literario. Sobre el futuro del teatro.--O século. 
536 |a From the Biblioteca Asensio, April 2004. 
650 0 |a Theater. 
830 0 |a Colección El arquero ;  |v 16. 
948 |a cataloged  |b cmulkey  |c 2006/4/20  |d 8:21:50 am 
994 |a C0  |b TXA 
999 |a MARS 
999 f f |s c12625b9-94f8-36da-9d0d-615da5faa325  |i 5fbb9194-8956-3a47-8409-63abf305df6f  |t 0 
952 f f |p ric  |a Texas A&M University  |b Rellis Campus  |c Joint Library Facility  |d Remote Storage  |t 0  |e PN2038 .O7 1977  |h Library of Congress classification  |i unmediated -- volume  |m A14834076064 
998 f f |a PN2038 .O7 1977  |t 0  |l Remote Storage